Kinship family and marriage (Record no. 2126)

MARC details
000 -LEADER
fixed length control field 00977 a2200253 4500
003 - CONTROL NUMBER IDENTIFIER
control field dpl
005 - DATE AND TIME OF LATEST TRANSACTION
control field 20090304101423.0
008 - FIXED-LENGTH DATA ELEMENTS--GENERAL INFORMATION
fixed length control field 090304t xxu||||| |||| 00| 0 eng d
010 ## - LIBRARY OF CONGRESS CONTROL NUMBER
LC control number ENG-85371
020 ## - INTERNATIONAL STANDARD BOOK NUMBER
International Standard Book Number 8186772200
Terms of availability 615.00
035 ## - SYSTEM CONTROL NUMBER
System control number EN-68904
037 ## - SOURCE OF ACQUISITION
Source of stock number/acquisition D.B.Act / Pub
040 ## - CATALOGING SOURCE
Original cataloging agency DPL
Transcribing agency DPL
082 ## - DEWEY DECIMAL CLASSIFICATION NUMBER
Classification number 306.83
245 ## - TITLE STATEMENT
Title Kinship family and marriage
Remainder of title changing perspectives
Statement of responsibility, etc edited by Dharam Vir
260 ## - PUBLICATION, DISTRIBUTION, ETC. (IMPRINT)
Place of publication, distribution, etc New Delhi
Name of publisher, distributor, etc New Academic Publishers
Date of publication, distribution, etc 2006
270 ## - ADDRESS
Address 4760-61, 23 Ansari Road, Daryaganj
City New Delhi
Postal code 110 002
300 ## - PHYSICAL DESCRIPTION
Extent viii, 235 p.
Dimensions 21 cm (Hb.)
500 ## - GENERAL NOTE
General note includes index
710 ## - ADDED ENTRY--CORPORATE NAME
Corporate name or jurisdiction name as entry element Dharam Vir
942 ## - ADDED ENTRY ELEMENTS (KOHA)
Institution code [OBSOLETE] dpl
Koha item type English Books
Call number prefix 306.83 / KIN
Source of classification or shelving scheme Dewey Decimal Classification
Classification part 306.83
Call number suffix KIN
Holdings
Withdrawn status Lost status Source of classification or shelving scheme Damaged status Not for loan Collection code Home library Current library Source of acquisition Cost, normal purchase price Total Checkouts Full call number Barcode Date last seen Copy number Uniform Resource Identifier Cost, replacement price Price effective from Koha item type Date acquired
    Dewey Decimal Classification   Not For Loan Non-fiction D.B.Act.Division D.B.Act.Division DBAD/PUB 615.00   306.83 KIN EN-68904 15/09/2008 1 2255 615.00 15/09/2008 English Books  
    Dewey Decimal Classification     Non-fiction Vinoba Puri Vinoba Puri DBAct 615.00   306.83 KIN B-317506 04/03/2009 1   615.00 04/03/2009 English Books 04/03/2009

© Delhi Public Library
Hit Counter
free hit counter